Nueva ley de renta: D.L. 824: modificada por la ley 18.768, 18.775 establece un nuevo régimen opcional de tributación del impuesto a la renta

Gespeichert in:
Bibliographische Detailangaben
1. Verfasser: González Moya, Carlos A (VerfasserIn)
Format: Buch
Sprache:Spanisch
Veröffentlicht: Santiago Jurídica Publiley 1989
Schlagworte:
Tags: Tag hinzufügen
Keine Tags, Fügen Sie den ersten Tag hinzu!

MARC

LEADER 00000nam a2200000 a 4500
001 UCW2749
003 CL-VaPUC
008 890811e19890000CL |||||||||||||||||spa|d
082 0 4 |a 343.052  |b GON  |2 21 
100 |a González Moya, Carlos A  |e author  |9 601486 
245 1 0 |a Nueva ley de renta: D.L. 824: modificada por la ley 18.768, 18.775 establece un nuevo régimen opcional de tributación del impuesto a la renta 
246 1 0 |a D. L. 824 
300 |a 88 p 
942 |c BK 
945 |d 19890811 00:00:00 
260 |a Santiago  |b Jurídica Publiley  |c 1989 
650 0 |a Impuestos sobre la renta   |9 257008 
650 0 |a Derecho y legislación   |9 255077 
651 7 |a CHILE  |2 CL-VaPUC  |9 307025 
583 |a last modification  |c 19890811 00:00:00  |k Rodrigo Vera 
999 |c 217207  |d 217205 
952 |0 0  |1 0  |2 ddc  |4 0  |6 343_052000000000000_GON_1989  |7 0  |8 P  |9 204169  |a BIBGIM  |b BIBGIM  |c PAC  |d 2019-11-15  |i 2713837  |o 343.052 GON 1989  |p 2713837  |r 2024-01-16  |w 2019-11-15  |y BK  |k COM 
952 |0 0  |1 0  |2 ddc  |4 0  |6 343_052000000000000_GON_1989  |7 0  |8 P  |9 204170  |a BIBGIM  |b BIBGIM  |c PAC  |d 2019-11-15  |i 2713845  |o 343.052 GON 1989  |p 2713845  |r 2024-01-16  |w 2019-11-15  |y BK  |k COM 
952 |0 0  |1 0  |2 ddc  |4 0  |6 343_052000000000000_GON_1989  |7 0  |8 P  |9 204171  |a BIBGIM  |b BIBGIM  |c PAC  |d 2019-11-15  |i 2713853  |o 343.052 GON 1989  |p 2713853  |r 2024-01-16  |w 2019-11-15  |y BK  |k COM